| 000 | 00586nam a2200193 4500 | ||
|---|---|---|---|
| 001 | 117158 | ||
| 003 | ES-MaACL | ||
| 005 | 20251108153259.0 | ||
| 007 | t| | ||
| 008 | 070301s1921 sp r ||||1| ger d | ||
| 100 | 1 |
_aPaz, Magdeleine. _989752 |
|
| 245 | 1 | 0 |
_aWeib _b: roman / _cvon Magdeleine Marx [Seud.] ; mit vorwort von Henri Barbusse. |
| 250 | _aSchasundzwanzigste Auflage. | ||
| 260 |
_a[S. l.] : _b[s. n.], _c1921. |
||
| 300 |
_aVIII, 257 p. ; _c18 cm. |
||
| 700 | 1 |
_aBarbusse, Henri, _d1873-1935 _925487 |
|
| 852 |
_aES-MaACL _jC-4611 _bR.24406 |
||
| 999 |
_c117158 _d117158 |
||